Modeling our world : (Registro nro. 2678)

Detalles MARC
000 -CABECERA
Campo de control 00738cam a22002177i 4500
005 - FECHA Y HORA DE LA ULTIMA TRANSACCION
Campo de control 20160115132814.0
008 - ELEMENTOS DE LONGITUD FIJA—INFORMACION GENERAL
Campo de control 040909s1999 caua 001 0 eng d
020 ## - ISBN
ISBN 1879102625 (pbk.)
040 ## - FUENTE DE CATALOGACIÓN
Agencia catalogadora original WAU
Agencia transcriptora WAU
Agencia Modificadora CtY
-- DLC
-- CO-BoIAVH
041 ## - IDIOMA
Código de idioma para texto/pista de sonido o título separado Inglés
042 ## - AUTHENTICATION CODE
Authentication code lccopycat
082 04 - NUMERO DE CLASIFICACION DECIMAL DEWEY
Número de clasificación 910.285
Número del ítem Z46m
100 1# - ASIENTO PRINCIPAL--NOMBRE PERSONAL
Nombre personal Zeiler, Michael.
9 (RLIN) 16988
245 10 - MENCION DE TITULO
Título Modeling our world :
Parte restante del título the ESRI guide to geodatabase design /
Mención de responsabilidad Michael Zeiler.
260 ## - PUBLICACION, DISTRIBUCION, ETC. (PIE DE IMPRENTA)
Lugar de publicación, distribución, etc. Redlands, CA :
Nombre del editor, distribuidor, etc. ESRI Press,
Fecha de publicación, distribución, etc. c1999.
300 ## - DESCRIPCION FISICA
Extensión vi, 199 p. :
Otros detalles físicos col. ill. ;
Dimensiones 23 cm.
650 16 - ASIENTO SECUNDARIO DE MATERIA - TERMINO TEMATICO
Término temático o nombre geográfico como elemento de entrada Sistemas de Información Geográfica.
9 (RLIN) 51682
650 24 - ASIENTO SECUNDARIO DE MATERIA - TERMINO TEMATICO
Término temático o nombre geográfico como elemento de entrada Mapas digitales
9 (RLIN) 51683
710 2# - ASIENTO SECUNDARIO - NOMBRE CORPORATIVO
Nombre corporativo o de jurisdicción como elemento de entrada Environmental Systems Research Institute (Redlands, Calif.)
9 (RLIN) 51684
942 ## - ELEMENTOS ADICIONALES (KOHA)
Sistema de clasificación Dewey Decimal Classification
Tipo de ítem Libro
Existencias
Withdrawn status Lost status Sistema de Clasificación Damaged status No para préstamo Colección Inventariado Ubicación Permanente Ubicación actual Fecha de adquisición Fuente de Valor Valor Total Checkouts Número topográfico Inventario / Código de Barras Date last seen Ejemplar Price effective from Forma de adquisición Tipo de material
    Dewey Decimal Classification     General Inventariado 2017 Bogotá Bogotá 11/06/2002 Instituto 39000.00   LB-910.285 Z46m 004980 04/12/2012 Ej. 1 04/12/2012 Compra Libro